000 00432nam a2200193Ia 4500
005 20240823062028.0
008 240823s9999||||xx |||||||||||||| ||und||
020 _a978-81-89988-77-7
041 _aENGLISH
082 _A158.1 Q0
100 _a"Dyer,Wayne W"
245 0 _aStop the Excuses!
250 _a1st
260 _c2010
_bHay House
500 _aYES
650 _aGeneral
_bGeneral
942 _cBK
999 _c234918
_d234918